The physics of heat capacity /

Saved in:
Bibliographic Details
Main Author: Hann, B. F.
Format: Book
Language:English
Published: London, : Macmillan, 1971.
Subjects:
LEADER 00878cam a2200265 a 4500
001 c000189320
003 CARM
005 20051209112925.0
008 720815s1971 enka b 000 0 eng
015 |a B71-23934 
019 1 |a 618626  |5 LACONCORD2021 
020 |a 0333104021 
035 |a (OCoLC)495619  |5 LACONCORD2021 
040 |a LC  |b eng  |c LC 
050 0 0 |a QC295  |b .H17 
082 0 4 |a 536/.6 
100 1 |a Hann, B. F. 
245 1 4 |a The physics of heat capacity /  |c [by] B. F. Hann. 
260 |a London, :  |b Macmillan,  |c 1971. 
300 |a viii, 95 p. :  |b illus. ;  |c 22 cm. 
504 |a Includes bibliographies. 
650 0 |a Specific heat. 
852 8 |b CARM  |h A2:AM26B0  |i B05823  |p 0272084  |f BK 
999 f f |i 302bcf64-0b80-55d0-b427-7c6cf3e24378  |s a94cfcf3-8147-5779-b4eb-3c485ab0e83f 
952 f f |p Can circulate  |a CAVAL  |b CAVAL  |c CAVAL  |d CARM 1 Store  |e B05823  |f A2:AM26B0  |h Other scheme  |i book  |m 0272084